000 02518cam a22003731i 4500
003 SA-RiAUC
005 20250921115434.0
008 250919s1999 su f b i000u0 ara c
020 _a996072588X
040 _aJO-MaAABU
_bara
_cSA-RiAUC
_dKAC
_erda
043 _aa-su---
050 4 _bT6764 1999
082 0 4 _a255
_qSA-RiAUC
090 _a255
_bت ر ك
100 1 _aالتركماني، عدنان خالد
_eمؤلف.
245 1 2 _aالإجراءات الجنائية الإسلامية وتطبيقاتها في المملكة العربية السعودية /
_cد. عدنان خالد التركماني.
250 _aالطبعة الأولى.
264 1 _aالرياض :
_bأكاديمية نايف العربية للعلوم الأمنية، مركز الدراسات والبحوث،
_c1999
300 _a487 صفحة ؛
_c24 سم.
336 _aنص
_btxt
_2rdacontent
_3كتاب
337 _aبدون وسيط
_bn
_2rdamedia
338 _aمجلد
_bnc
_2rdacarrier
490 1 _aإصدارات مركز الدراسات والبحوث / جامعة نايف العربية للعلوم الأمنية (الرياض) ؛
_v225
504 _aيشتمل على إرجاعات ببليوجرافية.
504 _aببليوجرافية : صفحة 477-487.
520 _aيتناول كتاب (الإجراءات الجنائية الإسلامية وتطبيقاتها في المملكة العربية السعودية) والذي قام بتأليفه (عدنان خالد التركماني) في حوالي (487) صفحة من القطع المتوسط موضوع (الإجراءات الجنائية في السعودية) مستعرضا المحتويات التالية : تعريف الإجراءات وأهميتها وتميزها عن الأحكام الجنائية، الفصل الثاني : الدعوى الجنائية وأنواعها وصاحب الحق فيها، الفصل الثالث : الأنظمة الإجرائية ...وغيرها من الموضوعات.
650 7 _aالجنايات (فقه إسلامي)
_2aucsh
650 7 _aالعقوبات (فقه إسلامي)
_2aucsh
650 7 _aقانون الإجراءات الجنائية
_zالسعودية
_2aucsh
650 7 _aالقانون الجنائي
_zالسعودية
_2aucsh
830 0 _aإصدارات مركز الدراسات والبحوث (جامعة نايف العربية للعلوم الأمنية)
_v225
942 _2ddc
_cBOOK
_n0
949 _aSA-JeALM
_d250919
_umohamedma123
_n1
999 _c11934
_d11934